Представление документа в формате RUSMARC

ПолеНазваниеЗначение
  Тип записи a
  Библиографический уровень m
001 Контрольный номер UONB/MAIN/bf9b8b709cbb4e278457f9eb4c3056e8
005 Дата корректировки 20260427150855.3
010 Индекс ISBN __
9 Тираж 7500 экз.
100 Данные общей обработки __
a Данные общей обработки 20260427d1986 u u0rusy0189 ca
101 Язык документа 0_
a Язык текста rus
102 Страна публикации __
a Страна публикации KZ
105 Кодированные данные (монография) __
a Кодированные данные (монография) a z 000yy
200 Заглавие и сведения об ответственности 1_
a Заглавие Ярко, образно, наглядно
f Первые сведения об ответственности фото К. Мустафина [и др.]
g Последующие сведения об ответственности составитель В. И. Васильев [и др.]
g Последующие сведения об ответственности автор вступительной статьи Н. К. Орловский
e Сведения, относящиеся к заглавию альбом
203 Вид содержания и тип средства __
a Вид содержания Текст
b Характеристика содержания визуальный
c Тип средства непосредственный
210 Выходные данные 1_
a Место издания Алма-Ата
c Издательство ОНЕР
d Дата издания 1986
215 Физическое описание __
a Объем 95 с.
d Формат 23х22 см
c Иллюстрации/тип воспроизводства ил., цв. ил.
606 Тематические рубрики 0_
a Основная рубрика Агитация
x Основная подрубрика Наглядные методы
j Формальный подзаголовок Альбомы
606 Тематические рубрики 0_
a Основная рубрика Оформительское искусство
j Формальный подзаголовок Альбомы
610 Ключевые слова 0_
a Ключевые слова агитация; наглядные методы агитации; оформительское искусство; альбомы по оформительскому искусству
675 Индекс УДК __
a Индекс УДК 745.7
686 Индексы других классификаций __
a Классификационный индекс 85.127
2 Код системы rubbk
702 Вторичная интеллектуальная ответственность _1
a Фамилия Мустафин
b Имя (инициалы) К.
4 Код отношения 600
702 Вторичная интеллектуальная ответственность _1
a Фамилия Васильев
b Имя (инициалы) В. И.
4 Код отношения 220
702 Вторичная интеллектуальная ответственность _1
a Фамилия Орловский
b Имя (инициалы) Н. К.
4 Код отношения 080
801 Источник записи _0
a Страна RU
b Организация Ульяновская ОНБ
c Дата составления 20260427
g Правила каталогизации RCR
801 Источник записи _1
a Страна RU
b Организация Ульяновская ОНБ
c Дата составления 20260427
g Правила каталогизации RCR
901 Тип документа __
t Тип документа m
909 Создатель записи __
a Создатель записи Седова
b Дата создания записи 20260427